Pricing in the Electrical Oligopoly

Đã lưu trong:
书目详细资料
主要作者: Sultan, Ralph G. M.
格式: 图书
语言:Undetermined
出版: Boston Harvard University Press 1974
主题:
标签: 添加标签
没有标签, 成为第一个标记此记录!
Thư viện lưu trữ: Trung tâm Học liệu Trường Đại học Cần Thơ
LEADER 00554nam a2200205Ia 4500
001 CTU_85177
008 210402s9999 xx 000 0 und d
082 |a 338.4 
082 |b S949 
100 |a Sultan, Ralph G. M. 
245 0 |a Pricing in the Electrical Oligopoly 
245 0 |c Ralph G. M. Sultan 
260 |a Boston 
260 |b Harvard University Press 
260 |c 1974 
650 |a Electric machinery industry 
650 |x Prices 
650 |z United states 
904 |i Năm 
980 |a Trung tâm Học liệu Trường Đại học Cần Thơ